| 000 | 00437nam a22001217a 4500 | ||
|---|---|---|---|
| 082 | _a220 PRO | ||
| 100 |
_aAamna Athar Wajeeha Maalik Javeria Aftab Iqra Tabassum _971337 |
||
| 245 | _aPR-SOF-1765-Three Dimensional Eye Ball Tracking Using Human Computer Interface | ||
| 260 |
_aISLAMABAD _bNUST COLLEGE OF EME _c2018 |
||
| 650 | _aDE-ELECT-36 DECLASS | ||
| 700 |
_aPROJECT SUPERVISORS DR. Bilal Malik DR. Usman Ali _971338 |
||
| 942 | _cCR | ||
| 999 |
_c577910 _d577910 |
||